| 000 | 00408cam a22001457a 4500 | ||
|---|---|---|---|
| 008 | 180718b1975 xxu||||| |||| 00| 0 eng d | ||
| 020 | _a9152000532 | ||
| 082 | _aR64 F772 | ||
| 100 | _aForssman,Sven | ||
| 245 |
_aThe new work environment _cBy Sven Forssman |
||
| 260 |
_aStockholm _bThe Swedish Institute _c1975 |
||
| 300 | _a39p | ||
| 650 | _aWorking class --Sweden | ||
| 650 | _aIndustrial hygiene --Sweden | ||
| 999 |
_c411527 _d411527 |
||